Бухгалтерское дело: учебное пособие

Xehetasun bibliografikoak
Beste egile batzuk: Хахонова Н. Н. Наталья Николаевна (редактор)
Gaia:В учебном пособии последовательно рассмотрены вопросы организации бухгалтерского дела в России и за рубежом, принципы подготовки профессиональных бухгалтеров и аудиторов, особенности функционирования международных и национальных профессиональных организаций бухгалтеров и аудиторов, значение учетной информации в организации управленческого и финансового учета, принципы формирования бухгалтерской отчетности, организация аудиторской деятельности и др. Пособие подготовлено в соответствии с Программой курса «Бухгалтерское дело» для студентов экономических вузов. Все программные вопросы изложены на основании нормативных актов в области бухгалтерского учета и аудита. Для студентов вузов и колледжей, слушателей бухгалтерских курсов, а также финансовых работников и практикующих бухгалтеров.
Hizkuntza:errusiera
Argitaratua: Москва, КноРус, 2013
Saila:Бакалавриат
Gaiak:
Formatua: MixedMaterials Liburua
KOHA link:https://koha.lib.tpu.ru/cgi-bin/koha/opac-detail.pl?biblionumber=248002

MARC

LEADER 00000nam0a2200000 4500
001 248002
005 20231101232340.0
010 |a 9785406002032 
035 |a (RuTPU)RU\TPU\book\269647 
035 |a RU\TPU\book\56672 
035 |a RU\TPU\book\64760 
090 |a 248002 
100 |a 20040305d2013 m y0rusy50 ca 
101 0 |a rus 
102 |a RU 
105 |a y j 001zy 
200 1 |a Бухгалтерское дело  |e учебное пособие  |f под ред. Н. Н. Хахоновой 
210 |a Москва  |c КноРус  |d 2013 
215 |a 570 с. 
225 1 |a Бакалавриат 
320 |a Библиогр.: с. 504-511. 
330 |a В учебном пособии последовательно рассмотрены вопросы организации бухгалтерского дела в России и за рубежом, принципы подготовки профессиональных бухгалтеров и аудиторов, особенности функционирования международных и национальных профессиональных организаций бухгалтеров и аудиторов, значение учетной информации в организации управленческого и финансового учета, принципы формирования бухгалтерской отчетности, организация аудиторской деятельности и др. Пособие подготовлено в соответствии с Программой курса «Бухгалтерское дело» для студентов экономических вузов. Все программные вопросы изложены на основании нормативных актов в области бухгалтерского учета и аудита. Для студентов вузов и колледжей, слушателей бухгалтерских курсов, а также финансовых работников и практикующих бухгалтеров. 
606 1 |a Бухгалтерский учет  |2 stltpush  |3 (RuTPU)RU\TPU\subj\30744  |9 53805 
610 1 |a экономика 
610 1 |a бухгалтерское дело 
610 1 |a теория 
610 1 |a история 
610 1 |a профессиональные организации 
610 1 |a бухгалтера 
610 1 |a бухгалтерские службы 
610 1 |a аудиторы 
610 1 |a аудиторская деятельность 
610 1 |a финансовое право 
610 1 |a Россия 
610 1 |a организационная структура 
610 1 |a этика 
610 1 |a автоматизация 
610 1 |a программное обеспечение 
610 1 |a учебные пособия 
675 |a 657.22(075.8)  |v 3 
702 1 |a Хахонова  |b Н. Н.  |g Наталья Николаевна  |4 340 
801 1 |a RU  |b 63413507  |c 20140116 
801 2 |a RU  |b 63413507  |c 20230403  |g RCR 
900 |a Бухгалтерское дело 
900 |a Бухгалтерский учет и аудит 
942 |c BK 
951 |b 080100 
959 |a 5/20140116  |d 12  |e 340,00  |f ЧЗГЛ:1  |f АНЛ:1  |f УФ:10